00262nam a2200097Ia 4500008004100000100002300041245004100064260003300105260000900138999001700147170620s9999 xx 000 0 und d aDR. PARANJAPE- N-V 0aINDIAN LEGAL &CONSTITUTIONAL HISTORY bCENTRAL LAW AGENCY ALLAHABAD c2014 c30296d30296